|
|
|
|
| LEADER |
02855nam a22004335i 4500 |
| 001 |
978-3-658-00255-8 |
| 003 |
DE-He213 |
| 005 |
20151204165053.0 |
| 007 |
cr nn 008mamaa |
| 008 |
121208s2013 gw | s |||| 0|eng d |
| 020 |
|
|
|a 9783658002558
|9 978-3-658-00255-8
|
| 024 |
7 |
|
|a 10.1007/978-3-658-00255-8
|2 doi
|
| 040 |
|
|
|d GrThAP
|
| 050 |
|
4 |
|a HB615
|
| 072 |
|
7 |
|a KJH
|2 bicssc
|
| 072 |
|
7 |
|a BUS025000
|2 bisacsh
|
| 082 |
0 |
4 |
|a 658.421
|2 23
|
| 100 |
1 |
|
|a Doepfer, Benedict C.
|e author.
|
| 245 |
1 |
0 |
|a Co-Innovation Competence
|h [electronic resource] :
|b A Strategic Approach to Entrepreneurship in Regional Innovation Structures /
|c by Benedict C. Doepfer.
|
| 264 |
|
1 |
|a Wiesbaden :
|b Springer Fachmedien Wiesbaden :
|b Imprint: Springer Gabler,
|c 2013.
|
| 300 |
|
|
|a XVII, 274 p. 41 illus.
|b online resource.
|
| 336 |
|
|
|a text
|b txt
|2 rdacontent
|
| 337 |
|
|
|a computer
|b c
|2 rdamedia
|
| 338 |
|
|
|a online resource
|b cr
|2 rdacarrier
|
| 347 |
|
|
|a text file
|b PDF
|2 rda
|
| 490 |
1 |
|
|a Entrepreneurial Management und Standortentwicklung, Perspektiven für Unternehmen und Destinationen
|
| 505 |
0 |
|
|a Open-Innovation -- Regional Innovation Systems -- Entrepreneurial Networks -- Social Capital Promotors.
|
| 520 |
|
|
|a Benedict C. Doepfer critically analyzes a networked approach to value creation processes of young knowledge-intensive entrepreneurial firms and assesses precise strategies and tactics in a regional context. He introduces the concept of co-innovation competence which he also examines empirically. The research results indicate that entrepreneurs follow a specific approach towards networking: They minimize transaction costs by applying an on-demand-based perspective of networking. In this case entrepreneurs relate to regional innovation promoters as knowledge and relational brokers and also reach beyond regional networks to exploit structural holes. Inhalt: Open-Innovation Regional Innovation Systems Entrepreneurial Networks Social Capital Promoters Zielgruppen: Researchers and students in the economic sciences with a focus on innovation and technology management, and economic geography; entrepreneurs. Der Autor: Benedict C. Doepfer holds a Ph.D. in Business Administration and is a research affiliate to the Center for Entrepreneurship of the Catholic University Eichstaett-Ingolstadt. .
|
| 650 |
|
0 |
|a Business.
|
| 650 |
|
0 |
|a Entrepreneurship.
|
| 650 |
1 |
4 |
|a Business and Management.
|
| 650 |
2 |
4 |
|a Entrepreneurship.
|
| 710 |
2 |
|
|a SpringerLink (Online service)
|
| 773 |
0 |
|
|t Springer eBooks
|
| 776 |
0 |
8 |
|i Printed edition:
|z 9783658002541
|
| 830 |
|
0 |
|a Entrepreneurial Management und Standortentwicklung, Perspektiven für Unternehmen und Destinationen
|
| 856 |
4 |
0 |
|u http://dx.doi.org/10.1007/978-3-658-00255-8
|z Full Text via HEAL-Link
|
| 912 |
|
|
|a ZDB-2-SBE
|
| 950 |
|
|
|a Business and Economics (Springer-11643)
|